Internet and Web Technologies (Record no. 6043)
[ view plain ]
| 000 -LEADER | |
|---|---|
| fixed length control field | 00312nam a2200133Ia 4500 |
| 008 - FIXED-LENGTH DATA ELEMENTS--GENERAL INFORMATION | |
| fixed length control field | 191201s2013 xx 000 0 und d |
| 020 ## - INTERNATIONAL STANDARD BOOK NUMBER | |
| International Standard Book Number | 9780070472969 |
| 100 ## - MAIN ENTRY--PERSONAL NAME | |
| Personal name | KAMAL, Raj |
| 245 #0 - TITLE STATEMENT | |
| Title | Internet and Web Technologies |
| 260 ## - PUBLICATION, DISTRIBUTION, ETC. (IMPRINT) | |
| Place of publication, distribution, etc | N. delhi |
| Name of publisher, distributor, etc | TMH |
| Date of publication, distribution, etc | 2013 |
| 300 ## - PHYSICAL DESCRIPTION | |
| Extent | 519 |
| 650 ## - SUBJECT ADDED ENTRY--TOPICAL TERM | |
| Topical term or geographic name as entry element | MCA |
| 942 ## - ADDED ENTRY ELEMENTS (KOHA) | |
| Source of classification or shelving scheme | Dewey Decimal Classification |
| Koha item type | Text Books |
| 942 ## - ADDED ENTRY ELEMENTS (KOHA) | |
| -- | 6 |
| Withdrawn status | Lost status | Source of classification or shelving scheme | Damaged status | Not for loan | Collection code | Home library | Current library | Date acquired | Source of acquisition | Cost, normal purchase price | Bill Number | Total Checkouts | Full call number | Acc. no. / Barcode | Date last seen | Date last borrowed | Actual Cost, discounted price | Bill Date | Koha item type |
|---|---|---|---|---|---|---|---|---|---|---|---|---|---|---|---|---|---|---|---|
| Dewey Decimal Classification | MCA | PIET C-LIBRARY | PIET C-LIBRARY | 19/01/2015 | KIRTI PRAKASHAN, NEW DELHI | 660.00 | IN2075 | 3 | 004.678 KAI | 25028 | 18/01/2023 | 20/12/2022 | 442.20 | 12/01/2015 | Text Books | ||||
| Dewey Decimal Classification | Computer Science & Engineering in Cyber Security | PIET C-LIBRARY | PIET C-LIBRARY | 19/01/2015 | KIRTI PRAKASHAN, NEW DELHI | 660.00 | IN2082 | 3 | 004.678 KAI | 25086 | 18/01/2023 | 19/12/2022 | 420.20 | 12/01/2015 | Text Books | ||||
| Dewey Decimal Classification | Computer Science and Engineering in AI & Machine Learning | PIET C-LIBRARY | PIET C-LIBRARY | 02/09/2015 | KIRTI PRAKASHAN, NEW DELHI | 660.00 | IN2169 | 004.678 KAI | 25317 | 04/12/2019 | 442.20 | 04/02/2015 | Text Books |